[Event "Novokuznetsk Old Stager op"]
[Site "Novokuznetsk"]
[Date "2015.02.14"]
[Round "8"]
[White "Turbin, Vladimir"]
[Black "Khramtsov, Anatoliy"]
[Result "0-1"]
[WhiteElo "2041"]
[BlackElo "2293"]
[PlyCount "72"]
[EventDate "2015.01.10"]
[EventType "swiss"]
[EventRounds "9"]
[EventCountry "RUS"]
[SourceTitle "EXT 2018"]
[Source "ChessBase"]
[SourceDate "2017.10.13"]
[SourceVersion "1"]
[SourceVersionDate "2017.10.13"]
[SourceQuality "1"]

1. e4 c5 2. Nf3 d6 3. d4 cxd4 4. Nxd4 Nf6 5. Nc3 a6 6. Bg5 e6 7. f4 Nbd7 8. Qf3 Qc7 9. 0-0-0 Be7 10. Qg3 b5 11. e5 dxe5 12. fxe5 Nh5 13. Qf3 Bxg5+ 14. Kb1 0-0 15. Qxh5 Bh6 16. Nf3 Bb7 17. Rxd7 Qxd7 18. Bd3 f5 19. exf6 Rxf6 20. Ne5 Qe8 21. Qh3 Qe7 22. Ng4 Rf4 23. Nxh6+ gxh6 24. Qxh6 Raf8 25. a3 R8f6 26. Qh3 e5 27. Re1 Kh8 28. g3 Rd4 29. Qh5 Bf3 30. Rxe5 Bxh5 31. Rxe7 Bg6 32. Ne4 Rf8 33. Ka2 Re8 34. Rxe8+ Bxe8 35. Kb3 Bg6 36. Kc3 Rxe4 0-1

[Event "Novokuznetsk-ch"]
[Site "Novokuznetsk"]
[Date "2014.12.13"]
[Round "8"]
[White "Sukiasyan, Artem"]
[Black "Turbin, Vladimir"]
[Result "0-1"]
[WhiteElo "1978"]
[BlackElo "2070"]
[PlyCount "56"]
[EventDate "2014.11.16"]
[EventType "swiss"]
[EventRounds "9"]
[EventCountry "RUS"]
[SourceTitle "EXT 2016"]
[Source "ChessBase"]
[SourceDate "2015.10.08"]
[SourceVersion "1"]
[SourceVersionDate "2015.10.08"]
[SourceQuality "1"]

1. e4 c5 2. Nc3 Nc6 3. g3 g6 4. f4 d6 5. Bg2 Bg7 6. Nf3 e6 7. 0-0 Nge7 8. d3 Rb8 9. Be3 Nd4 10. Rb1 b5 11. Ne2 Nxf3+ 12. Bxf3 e5 13. c3 Bh3 14. Re1 Qc7 15. d4 0-0 16. fxe5 dxe5 17. d5 Nc8 18. Nc1 c4 19. Qd2 f5 20. b3 Nd6 21. exf5 Bxf5 22. Rb2 Ne4 23. Bxe4 Bxe4 24. d6 Qd7 25. b4 Ba8 26. h4 Rf3 27. Kh2 Rbf8 28. Bc5 Rxg3 0-1

[Event "Novokuznetsk-ch"]
[Site "Novokuznetsk"]
[Date "2014.12.06"]
[Round "6"]
[White "Parygin, Dmitriy"]
[Black "Turbin, Vladimir"]
[Result "0-1"]
[WhiteElo "1840"]
[BlackElo "2070"]
[PlyCount "102"]
[EventDate "2014.11.16"]
[EventType "swiss"]
[EventRounds "9"]
[EventCountry "RUS"]
[SourceTitle "EXT 2016"]
[Source "ChessBase"]
[SourceDate "2015.10.08"]
[SourceVersion "1"]
[SourceVersionDate "2015.10.08"]
[SourceQuality "1"]

1. Nf3 f5 2. d4 Nf6 3. c4 e6 4. Nc3 d6 5. Qc2 Be7 6. e4 Nc6 7. a3 fxe4 8. Nxe4 Nxe4 9. Qxe4 0-0 10. Bd3 g6 11. h4 Bf6 12. Bg5 d5 13. Qe3 dxc4 14. Bxf6 Qxf6 15. Bxc4 Kh8 16. 0-0-0 Qf4 17. Kb1 Qxe3 18. fxe3 Ne7 19. h5 g5 20. Nxg5 Nd5 21. Rde1 h6 22. Nf3 Bd7 23. Ne5 Be8 24. Bd3 Kg7 25. Rh3 Rf2 26. Rg3+ Kf8 27. Ng6+ Kf7 28. Rf3+ Rxf3 29. gxf3 Kf6 30. e4 Bxg6 31. e5+ Kg5 32. hxg6 h5 33. Rg1+ Kh6 34. g7 Ne7 35. Bc4 Rg8 36. Bxe6 Rxg7 37. Rxg7 Kxg7 38. Kc2 Ng6 39. Bc8 h4 40. Kd2 Nf4 41. Ke3 h3 42. Bxh3 Nxh3 43. f4 Kg6 44. d5 Kf5 45. Kd4 Nxf4 46. b4 Ng6 47. e6 Kf6 48. a4 b6 49. a5 Ke7 50. Kc4 Kd6 51. axb6 axb6 0-1

[Event "Novokuznetsk-ch"]
[Site "Novokuznetsk"]
[Date "2013.12.15"]
[Round "9"]
[White "Lavrov, Sergey Viktorovich"]
[Black "Turbin, Vladimir"]
[Result "1/2-1/2"]
[WhiteElo "2408"]
[BlackElo "2059"]
[PlyCount "25"]
[EventDate "2013.11.17"]
[EventType "swiss"]
[EventRounds "9"]
[EventCountry "RUS"]
[SourceTitle "EXT 2015"]
[Source "ChessBase"]
[SourceDate "2014.11.20"]
[SourceVersion "1"]
[SourceVersionDate "2014.11.20"]
[SourceQuality "1"]

1. d4 Nf6 2. c4 g6 3. Nc3 Bg7 4. e4 d6 5. h3 e5 6. dxe5 dxe5 7. Qxd8+ Kxd8 8. Nf3 Re8 9. Be3 c6 10. 0-0-0+ Kc7 11. c5 h6 12. Bc4 Re7 13. Bxf7 1/2-1/2

[Event "Novokuznetsk-ch"]
[Site "Novokuznetsk"]
[Date "2012.12.09"]
[Round "7"]
[White "Akishina, Tatyana"]
[Black "Turbin, Vladimir"]
[Result "0-1"]
[WhiteElo "1975"]
[BlackElo "2086"]
[PlyCount "70"]
[EventDate "2012.11.18"]
[EventType "swiss"]
[EventRounds "9"]
[EventCountry "RUS"]
[SourceTitle "EXT 2014"]
[Source "ChessBase"]
[SourceDate "2013.11.20"]
[SourceVersion "1"]
[SourceVersionDate "2013.11.20"]
[SourceQuality "1"]

1. c4 e5 2. Nc3 Nc6 3. g3 d6 4. Bg2 Be6 5. d3 Qd7 6. Rb1 h5 7. h4 Nge7 8. b4 Ng6 9. b5 Nd8 10. Nd5 c6 11. bxc6 bxc6 12. Nb4 Be7 13. e3 0-0 14. Ne2 Rb8 15. Bd2 a5 16. Nc2 Nb7 17. 0-0 Bh3 18. Nc3 Nc5 19. d4 Nd3 20. a3 exd4 21. exd4 Nb2 22. Qe2 Rfe8 23. Ne3 Bf6 24. Bc1 Bxd4 25. Bxb2 Rb3 26. Qd1 Bxe3 27. fxe3 Nxh4 28. Qxh5 Nxg2 29. Rf2 Bg4 30. Qg5 Re5 31. Qxe5 dxe5 32. Rxg2 Qb7 33. Kh2 Rxc3 34. Rf1 Rxe3 35. Bc1 Re2 0-1

[Event "Novokuznetsk-ch"]
[Site "Novokuznetsk"]
[Date "2012.12.01"]
[Round "4"]
[White "Turbin, Vladimir"]
[Black "Smotraeva, Valentina"]
[Result "1-0"]
[WhiteElo "2086"]
[BlackElo "1832"]
[PlyCount "127"]
[EventDate "2012.11.18"]
[EventType "swiss"]
[EventRounds "9"]
[EventCountry "RUS"]
[SourceTitle "EXT 2014"]
[Source "ChessBase"]
[SourceDate "2013.11.20"]
[SourceVersion "1"]
[SourceVersionDate "2013.11.20"]
[SourceQuality "1"]

1. e4 c6 2. d4 d5 3. Nc3 dxe4 4. Nxe4 Bf5 5. Ng3 Bg6 6. Nf3 Nd7 7. Bc4 e6 8. Qe2 Qc7 9. Ng5 0-0-0 10. Bb3 h6 11. Nf3 Ngf6 12. 0-0 Bd6 13. c4 Bf4 14. Be3 h5 15. Qd2 Bxe3 16. Qxe3 h4 17. Ne2 h3 18. g3 Kb8 19. Rfd1 Rde8 20. Ne5 Nxe5 21. dxe5 Ng4 22. Qf4 Nxe5 23. f3 Rd8 24. Rxd8+ Rxd8 25. Rd1 Rxd1+ 26. Bxd1 Bd3 27. b3 f6 28. Qe3 Qd6 29. Kf2 g5 30. Nc3 Bf5 31. Be2 g4 32. c5 Qd7 33. fxg4 Bxg4 34. Ne4 Bxe2 35. Kxe2 f5 36. Ng5 Ng4 37. Qxe6 Qxe6+ 38. Nxe6 Nxh2 39. Ng5 Ng4 40. Nxh3 b6 41. Nf2 Ne5 42. Nd3 Ng6 43. Ke3 Kc7 44. cxb6+ axb6 45. a4 Kd6 46. Kd4 Ne7 47. Nf4 b5 48. a5 c5+ 49. Kc3 Nc6 50. a6 Ke5 51. Nd3+ Kd5 52. b4 c4 53. Nc1 Ke4 54. Ne2 Na7 55. Nd4 f4 56. gxf4 Kxf4 57. Nxb5 Nxb5+ 58. Kxc4 Nc7 59. a7 Ke4 60. b5 Na8 61. Kc5 Ke5 62. b6 Ke6 63. b7 Nc7 64. a8Q 1-0

[Event "Novokuznetsk-ch"]
[Site "Novokuznetsk"]
[Date "2012.11.18"]
[Round "1"]
[White "Khalimanov, Alexandr"]
[Black "Turbin, Vladimir"]
[Result "1/2-1/2"]
[WhiteElo "1917"]
[BlackElo "2086"]
[PlyCount "117"]
[EventDate "2012.11.18"]
[EventType "swiss"]
[EventRounds "9"]
[EventCountry "RUS"]
[SourceTitle "EXT 2014"]
[Source "ChessBase"]
[SourceDate "2013.11.20"]
[SourceVersion "1"]
[SourceVersionDate "2013.11.20"]
[SourceQuality "1"]

1. e4 d6 2. d4 Nf6 3. Nc3 g6 4. f4 Bg7 5. Nf3 c5 6. e5 Nfd7 7. exd6 cxd4 8. Nb5 0-0 9. Nc7 exd6 10. Nxa8 Nc6 11. Bd3 Re8+ 12. Kf2 Nc5 13. Re1 Nxd3+ 14. cxd3 Rxe1 15. Qxe1 Bf5 16. b4 a6 17. Nc7 Qxc7 18. Qe8+ Bf8 19. g4 Bd7 20. Qe4 Bxg4 21. Bd2 Bf5 22. Qe8 Qd7 23. Qxd7 Bxd7 24. a4 Ne7 25. Ng5 Nd5 26. Ne4 Kg7 27. Ng5 Be7 28. Ne4 h5 29. Ng5 Bc6 30. Ke2 Nc3+ 31. Bxc3 dxc3 32. Ne4 c2 33. Kd2 d5 34. Nc5 Bd6 35. Rf1 b6 36. d4 bxc5 37. dxc5 Be7 38. Ra1 Bd7 39. Kxc2 a5 40. Kb3 Be6 41. Rc1 d4+ 42. Ka3 d3 43. Rd1 Bc4 44. Rc1 Bf6 45. b5 d2 46. Rd1 Bc3 47. c6 Bd5 48. c7 Be6 49. b6 Bb4+ 50. Kb2 Bc8 51. Kb3 Ba6 52. Kc2 Kf6 53. Rb1 Kf5 54. Rb3 Ke4 55. Kd1 Bc8 56. Kc2 Kd4 57. Rd3+ Kc5 58. Rd8 Bf5+ 59. Kd1 1/2-1/2

[Event "Sibiria Region-ch Seniors"]
[Site "Prokopevsk"]
[Date "2012.03.17"]
[Round "6"]
[White "Turbin, Vladimir"]
[Black "Davydov, Victor"]
[Result "1-0"]
[WhiteElo "2094"]
[BlackElo "2129"]
[PlyCount "43"]
[EventDate "2012.03.12"]
[EventType "swiss"]
[EventRounds "9"]
[EventCountry "RUS"]
[SourceTitle "EXT 2013"]
[Source "ChessBase"]
[SourceDate "2012.11.22"]
[SourceVersion "1"]
[SourceVersionDate "2012.11.22"]
[SourceQuality "1"]

1. c4 e6 2. Nf3 b6 3. g3 Bb7 4. Bg2 Nc6 5. 0-0 Rb8 6. a3 Bd6 7. d4 Nf6 8. Nc3 e5 9. e3 h6 10. b4 exd4 11. exd4 a5 12. c5 axb4 13. axb4 Be7 14. d5 Nxb4 15. d6 Qc8 16. dxe7 bxc5 17. Re1 d6 18. Ra7 Nc6 19. Qa4 Qd7 20. Rxb7 Rxb7 21. Nd4 cxd4 22. Bxc6 1-0

[Event "Novokuznetsk-ch"]
[Site "Novokuznetsk"]
[Date "2011.??.??"]
[Round "2"]
[White "Turbin, Vladimir"]
[Black "Kolokoltsev, Egor"]
[Result "1-0"]
[WhiteElo "2109"]
[BlackElo "1938"]
[PlyCount "45"]
[EventDate "2011.11.19"]
[EventType "swiss"]
[EventRounds "9"]
[EventCountry "RUS"]
[SourceTitle "EXT 2013"]
[Source "ChessBase"]
[SourceDate "2012.11.22"]
[SourceVersion "1"]
[SourceVersionDate "2012.11.22"]
[SourceQuality "1"]

1. e4 Nc6 2. Nc3 e6 3. Nf3 Nf6 4. d4 d6 5. a3 Be7 6. Bb5 Bd7 7. d5 exd5 8. exd5 Ne5 9. 0-0 a6 10. Bxd7+ Qxd7 11. Nd4 h5 12. f4 Nc4 13. Qd3 Nb6 14. Nf5 g6 15. Nxe7 Qxe7 16. Bd2 0-0-0 17. Rae1 Qd7 18. Be3 Na4 19. Nxa4 Qxa4 20. Bd4 Ng4 21. Bxh8 Rxh8 22. Re7 h4 23. Qc3 1-0

[Event "Novokuznetsk-ch op"]
[Site "Novokuznetsk"]
[Date "2010.11.20"]
[Round "2"]
[White "Korobeynikov, Alexandr"]
[Black "Turbin, Vladimir"]
[Result "0-1"]
[WhiteElo "1910"]
[BlackElo "2093"]
[PlyCount "66"]
[EventDate "2010.11.14"]
[EventType "swiss"]
[EventRounds "9"]
[EventCountry "RUS"]
[SourceTitle "EXT 2022"]
[Source "ChessBase"]
[SourceDate "2021.10.06"]
[SourceVersion "1"]
[SourceVersionDate "2021.10.06"]
[SourceQuality "1"]

1. e4 c5 2. Nf3 d6 3. Bc4 Nf6 4. d3 a6 5. c3 Nc6 6. Bb3 Bg4 7. Bf4 e6 8. Nbd2 Be7 9. Qc1 Rc8 10. Bc2 Nh5 11. Be3 e5 12. h3 Bd7 13. Qd1 Nf4 14. Bxf4 exf4 15. Bb3 0-0 16. Qe2 Bf6 17. Nc4 Be6 18. 0-0-0 b5 19. Ncd2 c4 20. dxc4 b4 21. cxb4 Nxb4 22. a3 Nc6 23. Kb1 Na5 24. Ba2 Qb6 25. b4 Nc6 26. Nb3 Nxb4 27. axb4 Qxb4 28. Rd5 Rxc4 29. Nfd2 Rc3 30. Rc1 Rfc8 31. Rxc3 Qxc3 32. Nf3 Bxd5 33. exd5 Rb8 0-1

[Event "Novokuznetsk-ch op"]
[Site "Novokuznetsk"]
[Date "2009.12.12"]
[Round "8"]
[White "Turbin, Vladimir"]
[Black "Peshkov, Nikita"]
[Result "1-0"]
[WhiteElo "2101"]
[BlackElo "1994"]
[PlyCount "59"]
[EventDate "2009.11.21"]
[EventType "swiss"]
[EventRounds "9"]
[EventCountry "RUS"]
[SourceTitle "EXT 2011"]
[Source "ChessBase"]
[SourceDate "2010.11.26"]
[SourceVersion "1"]
[SourceVersionDate "2010.11.26"]
[SourceQuality "1"]

1. c4 Nf6 2. g3 g6 3. Bg2 Bg7 4. Nf3 c6 5. Na3 0-0 6. 0-0 d6 7. d3 Qa5 8. h3 Qh5 9. Ng5 h6 10. Bf3 Bg4 11. hxg4 Nxg4 12. Bxg4 Qxg4 13. Nf3 f5 14. Kg2 f4 15. Rh1 g5 16. Rb1 e5 17. e4 Na6 18. Nc2 Rf6 19. Nh2 Qe6 20. g4 c5 21. b4 b6 22. Kf3 h5 23. gxh5 Qh3+ 24. Ke2 g4 25. Kd2 f3 26. Qg1 Bh6+ 27. Kc3 Bxc1 28. Rxc1 Rf4 29. Ne3 cxb4+ 30. Kd2 1-0

[Event "Novokuznetsk-ch op"]
[Site "Novokuznetsk"]
[Date "2009.11.28"]
[Round "4"]
[White "Sambursky, Roman"]
[Black "Turbin, Vladimir"]
[Result "0-1"]
[WhiteElo "1656"]
[BlackElo "2101"]
[PlyCount "58"]
[EventDate "2009.11.21"]
[EventType "swiss"]
[EventRounds "9"]
[EventCountry "RUS"]
[SourceTitle "EXT 2011"]
[Source "ChessBase"]
[SourceDate "2010.11.26"]
[SourceVersion "1"]
[SourceVersionDate "2010.11.26"]
[SourceQuality "1"]

1. e4 d6 2. d4 Nf6 3. Bd3 g6 4. c4 Bg7 5. Nf3 Nc6 6. 0-0 e5 7. d5 Nd4 8. Nbd2 0-0 9. b4 a5 10. b5 Nd7 11. Nxd4 exd4 12. Nf3 Nc5 13. Ba3 Bg4 14. Bxc5 dxc5 15. h3 Bxf3 16. Qxf3 Qg5 17. Rad1 h5 18. Qe2 Be5 19. Bc2 Rae8 20. Qd2 Bf4 21. Qd3 h4 22. Rfe1 Bd6 23. Qf3 Kg7 24. Qg4 Qe5 25. Kf1 Qh2 26. Qxh4 f5 27. f3 Bg3 28. Qg5 Qh1+ 29. Ke2 Qxg2+ 0-1

[Event "Novokuznetsk-ch op"]
[Site "Novokuznetsk"]
[Date "2009.11.22"]
[Round "2"]
[White "Strakhov, Andrey"]
[Black "Turbin, Vladimir"]
[Result "1-0"]
[WhiteElo "1974"]
[BlackElo "2101"]
[PlyCount "67"]
[EventDate "2009.11.21"]
[EventType "swiss"]
[EventRounds "9"]
[EventCountry "RUS"]
[SourceTitle "EXT 2011"]
[Source "ChessBase"]
[SourceDate "2010.11.26"]
[SourceVersion "1"]
[SourceVersionDate "2010.11.26"]
[SourceQuality "1"]

1. e4 d6 2. d4 Nf6 3. Nc3 g6 4. Nf3 Bg7 5. Be2 c6 6. 0-0 Bg4 7. h3 Bxf3 8. Bxf3 Nbd7 9. Be3 0-0 10. Qd2 Re8 11. Rad1 Qa5 12. Be2 b5 13. Bd3 e5 14. f3 Nh5 15. Be2 Ng3 16. Rfe1 exd4 17. Bxd4 Ne5 18. f4 Nxe2+ 19. Qxe2 b4 20. fxe5 dxe5 21. Nb5 exd4 22. Nxd4 Qc5 23. Qe3 Rad8 24. c3 Rd7 25. Re2 f5 26. Qd3 Red8 27. exf5 Bxd4+ 28. cxd4 Rxd4 29. Qb3+ Rc4+ 30. Kh2 Rxd1 31. Qxd1 Rd4 32. Qb3+ Qc4 33. Qe3 Qc5 34. Qe6+ 1-0

[Event "Novokuznetsk op"]
[Site "Novokuznetsk"]
[Date "2008.11.30"]
[Round "5"]
[White "Turbin, Vladimir"]
[Black "Temnikov, Anatoly"]
[Result "1/2-1/2"]
[WhiteElo "2094"]
[BlackElo "2228"]
[PlyCount "22"]
[EventDate "2008.11.22"]
[EventType "swiss"]
[EventRounds "9"]
[EventCountry "RUS"]
[SourceTitle "CBM 127 Extra"]
[Source "ChessBase"]
[SourceDate "2009.01.08"]
[SourceVersion "2"]
[SourceVersionDate "2009.01.28"]
[SourceQuality "1"]

1. e4 c6 2. d4 d5 3. exd5 cxd5 4. Bd3 Nc6 5. c3 Nf6 6. Nf3 Bg4 7. Qb3 Qc7 8. Nbd2 Rc8 9. 0-0 e6 10. Ne5 Bd6 11. f4 0-0 1/2-1/2

[Event "Novokuznetsk-ch op"]
[Site "Novokuznetsk"]
[Date "2007.11.24"]
[Round "1"]
[White "Korobeynikov, Alexandr"]
[Black "Turbin, Vladimir"]
[Result "0-1"]
[WhiteElo "1913"]
[BlackElo "2119"]
[PlyCount "114"]
[EventDate "2007.11.24"]
[EventType "swiss"]
[EventRounds "9"]
[EventCountry "RUS"]
[SourceTitle "EXT 2022"]
[Source "ChessBase"]
[SourceDate "2021.10.06"]
[SourceVersion "1"]
[SourceVersionDate "2021.10.06"]
[SourceQuality "1"]

1. e4 d6 2. d4 Nf6 3. Bd3 g6 4. Nf3 Bg7 5. Bf4 Nc6 6. c3 Nh5 7. Bg5 h6 8. Be3 e5 9. h3 0-0 10. d5 Ne7 11. Qd2 Kh7 12. g4 Nf6 13. g5 Nfg8 14. gxh6 Nxh6 15. Ng5+ Kh8 16. Na3 Neg8 17. 0-0-0 f6 18. Nf3 a6 19. Rdg1 Kh7 20. Nh4 g5 21. Nf3 b5 22. Nc2 Nf7 23. Rg3 Ngh6 24. Rhg1 Rg8 25. Nh2 Bd7 26. Qe2 Nh8 27. Ne1 Ng6 28. Kb1 Nf4 29. Qf1 Qc8 30. Bxf4 gxf4 31. Rf3 Nf7 32. h4 Bh6 33. Rxg8 Qxg8 34. Qg2 Qxg2 35. Nxg2 Rg8 36. Ne1 Rg1 37. Bf1 Rh1 38. Bh3 Rxe1+ 39. Kc2 Bxh3 40. Rxh3 Rh1 41. f3 Rg1 42. Ng4 Kg6 43. Kb3 Rg3 44. Nf2 Kh5 45. Kb4 Rxh3 46. Nxh3 Kxh4 47. Ng1 Kg3 48. Ka5 f5 49. exf5 Kg2 50. Kxa6 Kxg1 51. Kxb5 e4 52. fxe4 f3 53. a4 f2 54. a5 f1Q+ 55. c4 Ne5 56. b3 Qd3 57. Ka4 Qc3 0-1

[Event "Novokuznetsk-ch op"]
[Site "Novokuznetsk"]
[Date "2007.11.24"]
[Round "4"]
[White "Turbin, Vladimir"]
[Black "Epifantsev, Igor"]
[Result "0-1"]
[WhiteElo "2119"]
[BlackElo "2185"]
[PlyCount "60"]
[EventDate "2007.11.24"]
[EventType "swiss"]
[EventRounds "9"]
[EventCountry "RUS"]
[SourceTitle "EXT 2022"]
[Source "ChessBase"]
[SourceDate "2021.10.06"]
[SourceVersion "1"]
[SourceVersionDate "2021.10.06"]
[SourceQuality "1"]

1. e4 c5 2. Nf3 d6 3. d4 cxd4 4. c3 Nf6 5. e5 dxe5 6. Nxe5 e6 7. Bb5+ Bd7 8. Nxd7 Nbxd7 9. Qxd4 Be7 10. 0-0 0-0 11. Bg5 a6 12. Be2 h6 13. Bh4 e5 14. Qa4 Nd5 15. Bg3 Qc7 16. Rd1 Nc5 17. Qc2 Rad8 18. Nd2 Ne6 19. Nf3 Ndf4 20. Bf1 Kh8 21. Qf5 Bd6 22. Rxd6 Qxd6 23. Nxe5 Qd2 24. Bh4 f6 25. g3 fxe5 26. Qxe5 Ng6 27. Qxe6 Qxf2+ 28. Kh1 Rd2 29. Qh3 Qf3+ 30. Kg1 Nxh4 0-1